| 000 | 00715cam a2200205 4500 | ||
|---|---|---|---|
| 001 | WB3618-19 | ||
| 008 | 000000n2000 000 0 eng u | ||
| 035 | _a(Sirsi) u105827 | ||
| 245 | _aE-commerce survey - results | ||
| 260 | _c2000 | ||
| 490 |
_aCICA Bulletin _v(73) Spring 2000, 1(1) |
||
| 520 | _aLooks at the results of a survey by the CICA and the Construction Products Association on e-commerce and construction. Copies of a summary of the survey are available from the CICA and will be on the CICA web site shortly. | ||
| 590 | _aWB | ||
| 650 | _aCICA | ||
| 650 | _aE-COMMERCE | ||
| 650 | _aCONSTRUCTION INDUSTRY | ||
| 650 | _aSURVEYS | ||
| 690 | _aINFORMATION TECHNOLOGY-INTERNET | ||
| 942 | _n0 | ||
| 999 |
_c63370 _d63370 |
||